The Walking Dead Characters by Episodes - Statistics

General Stats
  • This quiz has been taken 556 times
    519 since last reset
  • The average score is 31 of 50
Answer Stats
Hint Answer % Correct
121 Episodes (S1-9) Rick Grimes
98%
145 Episodes (S1-10) Daryl Dixon
97%
110 Episodes (S1-8) Carl Grimes
95%
144 Episodes (S1-10) Carol Peletier
93%
113 Episodes (S2-9) Maggie Rhee
92%
82 Episodes (S1-7) Glenn Rhee
90%
126 Episodes (S3-10) Michonne
90%
37 Episodes (S1-3) Lori Grimes
86%
39 Episodes (S4-7) Abraham Ford
85%
65 Episodes (S6-10) Negan
85%
52 Episodes (S2-5) Beth Greene
84%
39 Episodes (S2-4,9) Hershel Greene
84%
100 Episodes (S4-10) Rosita Espinosa
84%
100 Episodes (S4-10) Eugene Porter
82%
72 Episodes (S3-7,9) Sasha Williams
81%
21 Episodes (S1-3,9) Shane Walsh
79%
87 Episodes (S4-9) Tara Chambler
77%
86 Episodes (S5-10) Aaron
74%
36 Episodes (S1-3) Andrea Harrison
74%
95 Episodes (S5-10) Gabriel Stokes
73%
54 Episodes (S1,3,5-8) Morgan Jones
73%
30 Episodes (S3-5) Tyreese Williams
73%
23 Episodes (S9-10) Judith Grimes
72%
19 Episodes (S1-2) Dale Horvath
70%
20 Episodes (S1-3) T-Dog
69%
53 Episodes (S7-10) Ezekiel
66%
52 Episodes (S5-9) Enid
65%
45 Episodes (S6-9) Jesus
65%
20 Episodes (S3-5) The Governor
63%
36 Episodes (S6-8) Dwight
62%
23 Episodes (S4-5) Bob Stookey
61%
21 Episodes (S6-8) Simon
61%
24 Episodes (S9-10) Alpha
59%
20 Episodes (S9-10) Beta
56%
46 Episodes (S7-10) Jerry
52%
27 Episodes (S5-7) Spencer Monroe
46%
33 Episodes (S6-9) Gregory
43%
24 Episodes (S9-10) Lydia
42%
33 Episodes (S8-10) Siddiq
41%
40 Episodes (S8-10) Alden
35%
26 Episodes (S9-10) Connie
35%
26 Episodes (S9-10) Magna
35%
28 Episodes (S9-10) Yumiko
33%
24 Episodes (S7-9) Jadis
31%
30 Episodes (S7-10) Dianne
22%
21 Episodes (S7-10) Laura
20%
26 Episodes (S5-8) Tobin
20%
26 Episodes (S6-10) Scott
13%
19 Episodes (S6-9) Kal
9%
19 Episodes (S7-10) Nabila
9%
No matching quizzes found
Score Distribution
Percent of People with Each Score
Percentile by Number Answered
Your Score History
You have not taken this quiz since the last reset